Traité élémentaire de physiologie humaine (Registro nro. 320417)

Detalles MARC
000 -ENCABEZADO
Número de control [NR] 00959nam a22002297a 4500
005 - FECHA Y HORA DE LA ÚLTIMA TRANSACCIÓN
control field 20240313082944.0
008 - DE LONGITUD FIJA DE DATOS DE ELEMENTOS - INFORMACIÓN GENERAL
Elementos de longitud fija [NR] 220128s1870 fr a|||gr|||| 00| 0 fre d
040 ## - FUENTE DE CATALOGACION [NR]
Agencia de catalogación original [NR] CO-BoUCM
Idioma de catalogación [NR] spa
Quien Cataloga Deissy Garcia
Quien Clasifica Deissy Garcia
041 0# - CODIGO DE IDIOMA [R]
Código de idioma para texto/pista de sonido o título separado [R] Francés
060 ## - SIGNATURA TOPOGRAFICA DE LA BIBLIOTECA NACIONAL DE MEDICINA (NLM) [R]
Número clasificador [R] QT 104
100 1# - ASIENTO PRINCIPAL--NOMBRE PERSONAL [NR]
ID Autoridad 173057
Nombre personal [NR] Béclard, Jules Auguste
Fechas asociadas con el nombre [NR] 1817-1887
245 10 - MENCION DE TITULO [NR]
Título [NR] Traité élémentaire de physiologie humaine
Parte restante del título [NR] comprenant les principales notions de la phisiologie comparée
Mención de responsabilidad, etc. [NR] J. Béclard
250 ## - MENCION DE EDICION [NR]
Mención de edición [NR] 6a.Ed.
260 ## - PUBLICACION, DISTRIBUCION, ETC. (PIE DE IMPRENTA) [R]
Lugar de publicación, distribución, etc. [R] París
Nombre del editor, distribuidor, etc. [R] Labé
Fecha de publicación, distribución, etc. [R] 1870
300 ## - DESCRIPCION FISICA [R]
Extensión [R] xiii, [44] 1256 páginas
Otros detalles físicos [NR] ilustraciones
500 ## - NOTA GENERAL [R]
Nota general [NR] Transferencia al Archivo Histórico en marzo de 2024. Investigación Emilio Quevedo, historiador de la medicina colombiana.
504 ## - NOTA DE BIBLIOGRAFIA, ETC. [R]
Nota de bibliografía, etc. [NR] Incluye referencias bibliográficas e índices
650 #7 - ASIENTO SECUNDARIO DE MATERIA - TERMINO TEMATICO [R]
Término temático o nombre geográfico como elemento de entrada [NR] Fisiología
9 (RLIN) 15925
650 #7 - ASIENTO SECUNDARIO DE MATERIA - TERMINO TEMATICO [R]
9 (RLIN) 15943
Término temático o nombre geográfico como elemento de entrada [NR] Fisiología humana
650 #7 - ASIENTO SECUNDARIO DE MATERIA - TERMINO TEMATICO [R]
Término temático o nombre geográfico como elemento de entrada [NR] Cuerpo humano
Subdivisión general [R] Aspectos fisiológicos
9 (RLIN) 173059
942 ## - ELEMENTOS DE ENTRADA AGREGADOS (KOHA)
Sistema de clasificación NLM
Tema principal 15
Tipo de ítem principal el descrito en 300a Libro
Edición 6
Clasificación QT 104
Parte restante de la signatura top. B397t
Título oculto en OPAC No
Existencias
Suprimido Perdido Sistema de clasificación Dañado No prestable Tipo de ítem específico Ubicación habitual Ubicación actual Localización Fecha de creación Forma de adquisición Costo Volúmen / Fascículo Total préstamos Total Renewals Signatura topográfica Código de barras Última vez visto Fecha de último préstamo Ejemplar Costo de reposición Price effective from Tipo de ítem
    NLM     Libro Archivo Histórico Archivo Histórico Archivo histórico 28/01/2022 Donación 0.00 6a.Ed., 1 3 QT 104 B397t 100168881 07/12/2023 09/02/2022 Ej.1 26000.00 28/01/2022 Libro